Bharatiya Jansangh Election manifesto 1962 (Record no. 478302)

000 -LEADER
fixed length control field 00378cam a22001337a 4500
008 - FIXED-LENGTH DATA ELEMENTS--GENERAL INFORMATION
fixed length control field 180718b1962 xxu||||| |||| 00| 0 eng d
082 ## - DEWEY DECIMAL CLASSIFICATION NUMBER
Classification number F51x5406 B469
245 ## - TITLE STATEMENT
Title Bharatiya Jansangh Election manifesto 1962
260 ## - PUBLICATION, DISTRIBUTION, ETC.
Place of publication, distribution, etc. Delhi
Name of publisher, distributor, etc. Navchagan Press
Date of publication, distribution, etc. 1962
300 ## - PHYSICAL DESCRIPTION
Extent 28p.
650 ## - SUBJECT ADDED ENTRY--TOPICAL TERM
Topical term or geographic name entry element Elections - India
650 ## - SUBJECT ADDED ENTRY--TOPICAL TERM
Topical term or geographic name entry element Political Campaigns - India
650 ## - SUBJECT ADDED ENTRY--TOPICAL TERM
Topical term or geographic name entry element Bharatiya Janasangh
Holdings
Withdrawn status Lost status Damaged status Not for loan Permanent Location Current Location Date acquired Full call number Barcode Date last seen Price effective from Koha item type
        Indian Institute of Public Administration Indian Institute of Public Administration 2018-08-04 F51x5406 B469 GR4978 2018-08-04 2018-08-04 GR

Powered by Koha